[Event "Northumbria Masters Open"]
[Site "Newcastle"]
[Date "2021.08.28"]
[Round "5.12"]
[White "Kett, Timothy"]
[Black "Modi, Shyam Jagdish"]
[Result "0-1"]
[WhiteElo "2167"]
[BlackElo "2118"]
[PlyCount "76"]
[EventDate "2021.08.26"]
[EventType "swiss"]
[EventRounds "9"]
[EventCountry "ENG"]
[SourceTitle "The Week in Chess 1399"]
[Source "Mark Crowther"]
[SourceDate "2021.08.30"]
[SourceVersion "1"]
[SourceVersionDate "2021.08.30"]
[SourceQuality "2"]

1. e4 c5 2. Nf3 e6 3. d4 cxd4 4. Nxd4 Nc6 5. Nc3 Qc7 6. Be2 a6 7. O-O Nf6 8.
Be3 Be7 9. f4 d6 10. Kh1 O-O 11. Bf3 Bd7 12. Qe1 Rac8 13. Qg3 Rfe8 14. e5 dxe5
15. Nxc6 Bxc6 16. fxe5 Nd7 17. Bxc6 bxc6 18. Bf4 Nf8 19. Ne4 Ng6 20. Rad1 Red8
21. Nd6 Bxd6 22. exd6 Qd7 23. h4 Rb8 24. b3 Rb5 25. c4 Rf5 26. Bg5 Rxf1+ 27.
Rxf1 Qxd6 28. Qf2 Rd7 29. h5 Ne5 30. h6 Ng4 31. Qh4 Qd3 32. Re1 Qf5 33. hxg7
Rd4 34. Be3 Rd3 35. Bc1 Kxg7 36. Qe7 Qh5+ 37. Kg1 Qh2+ 38. Kf1 Rf3+ 0-1

[Event "Northumbria Masters Open"]
[Site "Newcastle"]
[Date "2021.08.28"]
[Round "5.13"]
[White "Villiers, Thomas"]
[Black "Hosdurga, Chirag"]
[Result "1-0"]
[WhiteElo "2165"]
[BlackElo "1838"]
[PlyCount "37"]
[EventDate "2021.08.26"]
[EventType "swiss"]
[EventRounds "9"]
[EventCountry "ENG"]
[SourceTitle "The Week in Chess 1399"]
[Source "Mark Crowther"]
[SourceDate "2021.08.30"]
[SourceVersion "1"]
[SourceVersionDate "2021.08.30"]
[SourceQuality "2"]

1. Nf3 Nf6 2. c4 g6 3. Nc3 Bg7 4. g3 O-O 5. Bg2 d6 6. d4 c6 7. O-O Bf5 8. Ne1
Qc8 9. Qb3 a6 10. e4 Be6 11. d5 cxd5 12. cxd5 Bh3 13. Nd3 Bxg2 14. Kxg2 Nfd7
15. Be3 Bxc3 16. Rac1 Nc5 17. Nxc5 dxc5 18. Qxc3 b6 19. Bh6 1-0

[Event "Northumbria Masters Open"]
[Site "Newcastle"]
[Date "2021.08.28"]
[Round "5.14"]
[White "Stoica, Savas Marin"]
[Black "Guthrie, David"]
[Result "0-1"]
[WhiteElo "1954"]
[BlackElo "2165"]
[PlyCount "86"]
[EventDate "2021.08.26"]
[EventType "swiss"]
[EventRounds "9"]
[EventCountry "ENG"]
[SourceTitle "The Week in Chess 1399"]
[Source "Mark Crowther"]
[SourceDate "2021.08.30"]
[SourceVersion "1"]
[SourceVersionDate "2021.08.30"]
[SourceQuality "2"]

1. e4 c5 2. Nf3 d6 3. d4 cxd4 4. Nxd4 Nf6 5. Nc3 a6 6. a3 Nc6 7. Bg5 e6 8. Be2
Be7 9. Qd2 O-O 10. O-O Qc7 11. Rad1 Rd8 12. Qe3 Nxd4 13. Qxd4 b5 14. Be3 Rb8
15. f4 e5 16. Qd2 b4 17. Nd5 Nxd5 18. exd5 bxa3 19. b3 Bf6 20. Bc4 exf4 21.
Rxf4 Be5 22. Rff1 Re8 23. Bd4 Bd7 24. Ra1 Bb5 25. Bxb5 Rxb5 26. Bxe5 Rxe5 27.
Qf2 Rbxd5 28. Rxa3 Rf5 29. Rxa6 g6 30. Qe2 Qc5+ 31. Kh1 Rde5 32. Ra8+ Kg7 33.
Qd1 Qxc2 34. h3 Rxf1+ 35. Qxf1 Qxb3 36. Rd8 Qe6 37. Kh2 Rf5 38. Qd3 Qe5+ 39.
Kg1 d5 40. Rd7 h5 41. Qd2 h4 42. Rd8 Qa1+ 43. Kh2 Rf1 0-1

[Event "Northumbria Masters Open"]
[Site "Newcastle"]
[Date "2021.08.28"]
[Round "5.15"]
[White "Faulkner, Martin J"]
[Black "Brown, Thomas"]
[Result "0-1"]
[WhiteElo "1874"]
[BlackElo "2129"]
[PlyCount "104"]
[EventDate "2021.08.26"]
[EventType "swiss"]
[EventRounds "9"]
[EventCountry "ENG"]
[SourceTitle "The Week in Chess 1399"]
[Source "Mark Crowther"]
[SourceDate "2021.08.30"]
[SourceVersion "1"]
[SourceVersionDate "2021.08.30"]
[SourceQuality "2"]

1. c4 g6 2. Nf3 Bg7 3. d4 Nf6 4. g3 c5 5. Bg2 cxd4 6. Nxd4 Nc6 7. Nc3 O-O 8.
O-O d6 9. Nxc6 bxc6 10. Bxc6 Rb8 11. Qd3 Bf5 12. e4 Bh3 13. Re1 Ng4 14. e5 Qb6
15. Qf3 Nxe5 16. Rxe5 Bxe5 17. Nd5 Qd4 18. Nxe7+ Kg7 19. Be3 Qg4 20. Qxg4 Bxg4
21. Bxa7 Rxb2 22. f4 Bf6 23. Nd5 Rc2 24. Nxf6 Kxf6 25. Bd4+ Ke7 26. Bb5 Be6 27.
a4 Bxc4 28. Re1+ Be6 29. a5 Rfc8 30. a6 Rc1 31. Rxc1 Rxc1+ 32. Kf2 Bd5 33. a7
Rc2+ 34. Ke3 Rxh2 35. f5 Ra2 36. Kf4 Ra5 37. f6+ Ke6 38. Be2 h5 39. Bf1 g5+ 40.
Ke3 Ra3+ 41. Kf2 Rf3+ 42. Ke1 Rxg3 43. Bb2 Ba8 44. Bc4+ d5 45. Ba6 h4 46. Kf2
Rb3 47. Bc1 Kxf6 48. Be3 Kg6 49. Bd4 Rb4 50. Bc5 Rb2+ 51. Kg1 f5 52. Bc8 Rc2
0-1

[Event "Northumbria Masters Open"]
[Site "Newcastle"]
[Date "2021.08.28"]
[Round "5.16"]
[White "Greatorex, Roger"]
[Black "Birtwistle, Nigel"]
[Result "0-1"]
[WhiteElo "1747"]
[BlackElo "2123"]
[PlyCount "74"]
[EventDate "2021.08.26"]
[EventType "swiss"]
[EventRounds "9"]
[EventCountry "ENG"]
[SourceTitle "The Week in Chess 1399"]
[Source "Mark Crowther"]
[SourceDate "2021.08.30"]
[SourceVersion "1"]
[SourceVersionDate "2021.08.30"]
[SourceQuality "2"]

1. c4 c5 2. Nc3 g6 3. Nf3 Bg7 4. e3 Nf6 5. d4 cxd4 6. exd4 d5 7. h3 O-O 8. Qb3
dxc4 9. Bxc4 Nc6 10. Qd1 Bf5 11. O-O Rc8 12. Bb3 Nb4 13. Ne5 Nbd5 14. Nxd5 Nxd5
15. Qf3 Be6 16. Rd1 Qd6 17. Nc4 Qc7 18. Na3 Rfd8 19. Bg5 h6 20. Bh4 a6 21. Bg3
Qd7 22. Be5 b5 23. Bxg7 Kxg7 24. Qe2 Qd6 25. Qe5+ Kg8 26. Rac1 Rxc1 27. Rxc1
Nf4 28. Qxd6 Rxd6 29. Rc7 Bxb3 30. axb3 e6 31. Kh2 Nd3 32. Kg3 Rxd4 33. Nc2 Rd6
34. Na3 Nxb2 35. Rb7 Rd3+ 36. Kf4 Rxb3 37. Nc2 Nd3+ 0-1

[Event "Northumbria Masters Open"]
[Site "Newcastle"]
[Date "2021.08.28"]
[Round "5.17"]
[White "Hutchinson, Paul A"]
[Black "Pink, Joshua"]
[Result "0-1"]
[WhiteElo "2120"]
[BlackElo "1924"]
[PlyCount "160"]
[EventDate "2021.08.26"]
[EventType "swiss"]
[EventRounds "9"]
[EventCountry "ENG"]
[SourceTitle "The Week in Chess 1399"]
[Source "Mark Crowther"]
[SourceDate "2021.08.30"]
[SourceVersion "1"]
[SourceVersionDate "2021.08.30"]
[SourceQuality "2"]

1. d4 Nf6 2. Nf3 d5 3. Bf4 c5 4. e3 Nc6 5. Nbd2 e6 6. c3 Bd6 7. Bg3 O-O 8. Be2
Qe7 9. Bb5 Bd7 10. O-O Nxd4 11. exd4 Bxb5 12. Re1 Bc6 13. Ne5 cxd4 14. cxd4
Rac8 15. Bh4 Qc7 16. Nxc6 bxc6 17. Bxf6 gxf6 18. Re3 Bxh2+ 19. Kh1 Bf4 20. Rh3
f5 21. Nf3 f6 22. g3 Bd6 23. Kg2 Rf7 24. Qe2 Qd7 25. Re1 Re8 26. Nh4 Ree7 27.
Rc1 Qc8 28. Rhh1 Rg7 29. Rc3 f4 30. Rhc1 Rc7 31. Re1 e5 32. Rec1 e4 33. Qh5 f3+
34. Kh2 Rg5 35. Qh6 Qe6 36. Nxf3 exf3 37. Rxf3 Rg6 38. Qe3 Qxe3 39. Rxe3 Kf7
40. Rec3 f5 41. a3 a5 42. Kg2 Bf8 43. Rb3 Bg7 44. Rd1 Ke6 45. Rb6 f4 46. Ra6
fxg3 47. fxg3 Rg4 48. Rxa5 Rxd4 49. Rh1 Rd2+ 50. Kf3 Bxb2 51. Rh6+ Kf5 52. g4+
Kg5 53. Rh5+ Kg6 54. Ra8 Rd3+ 55. Kf4 Rf7+ 56. Rf5 Rd4+ 57. Ke3 Rxf5 58. gxf5+
Kxf5 59. Rc8 Rc4 60. a4 Rxa4 61. Rxc6 Ra3+ 62. Kd2 Ke4 63. Rh6 Ra7 64. Rh4+ Ke5
65. Rh5+ Kd4 66. Rh4+ Kc5 67. Kd3 Bf6 68. Rh5 Ra3+ 69. Kc2 Kc4 70. Rxh7 Ra2+
71. Kb1 Rb2+ 72. Kc1 Rg2 73. Kd1 d4 74. Rh6 Be5 75. Ra6 Kd3 76. Ra3+ Ke4 77.
Ra4 Ke3 78. Ra5 Rg1+ 79. Kc2 d3+ 80. Kb3 d2 0-1

[Event "Northumbria Masters Open"]
[Site "Newcastle"]
[Date "2021.08.28"]
[Round "5.18"]
[White "Milson, Samuel A"]
[Black "Jukes, Sam"]
[Result "1/2-1/2"]
[WhiteElo "2106"]
[BlackElo "1846"]
[PlyCount "55"]
[EventDate "2021.08.26"]
[EventType "swiss"]
[EventRounds "9"]
[EventCountry "ENG"]
[SourceTitle "The Week in Chess 1399"]
[Source "Mark Crowther"]
[SourceDate "2021.08.30"]
[SourceVersion "1"]
[SourceVersionDate "2021.08.30"]
[SourceQuality "2"]

1. e4 c5 2. Nc3 a6 3. d3 b5 4. g3 Bb7 5. Bg2 Nf6 6. f4 e6 7. Nf3 Be7 8. O-O O-O
9. Qe2 Nc6 10. e5 Ne8 11. Ne4 f5 12. Nf2 Nd4 13. Qd1 Qc7 14. c3 Nxf3+ 15. Bxf3
Rc8 16. Re1 Bxf3 17. Qxf3 Qc6 18. Qxc6 Rxc6 19. c4 Nc7 20. b3 d5 21. Rd1 Rd8
22. Ba3 b4 23. Bb2 d4 24. Kf1 Rb6 25. Ke2 Kf7 26. Kd2 Rbb8 27. Rg1 h5 28. h4
1/2-1/2

[Event "Northumbria Masters Open"]
[Site "Newcastle"]
[Date "2021.08.28"]
[Round "5.19"]
[White "Bansal, Rohan"]
[Black "Sheikh, Anum"]
[Result "0-1"]
[WhiteElo "2042"]
[BlackElo "1837"]
[PlyCount "94"]
[EventDate "2021.08.26"]
[EventType "swiss"]
[EventRounds "9"]
[EventCountry "ENG"]
[SourceTitle "The Week in Chess 1399"]
[Source "Mark Crowther"]
[SourceDate "2021.08.30"]
[SourceVersion "1"]
[SourceVersionDate "2021.08.30"]
[SourceQuality "2"]

1. d4 Nf6 2. c4 Nc6 3. Nf3 e6 4. g3 Bb4+ 5. Bd2 Bxd2+ 6. Nbxd2 d6 7. Bg2 O-O 8.
O-O e5 9. d5 Ne7 10. e4 Ng6 11. b4 a5 12. a3 Qe7 13. Qc2 Nh5 14. Qc3 b6 15. c5
bxc5 16. bxc5 f5 17. Rfe1 f4 18. Rab1 fxg3 19. hxg3 Ba6 20. Nf1 Nh8 21. cxd6
cxd6 22. Rb6 Nf7 23. Ne3 g6 24. Rc6 Nf6 25. Qc2 Ra7 26. Rc1 Nd8 27. Rc3 Ne8 28.
Qd2 Qg7 29. Ng5 Nc7 30. a4 h6 31. Nf3 Kh7 32. Rb3 Nb7 33. Rb6 Nc5 34. Qxa5 Nxe4
35. Rxc7 Qxc7 36. Qb4 Nc5 37. Rc6 Qe7 38. a5 Rb7 39. Qg4 Bb5 40. Rb6 Rxb6 41.
axb6 Qb7 42. Qh4 Kg7 43. Ng4 h5 44. Ng5 Qxb6 45. Ne6+ Nxe6 46. dxe6 hxg4 47.
Qe7+ Kg8 0-1

[Event "Northumbria Masters Open"]
[Site "Newcastle"]
[Date "2021.08.28"]
[Round "5.21"]
[White "Murphy, Ryan"]
[Black "Khoury, Theo"]
[Result "1-0"]
[WhiteElo "1977"]
[BlackElo "1697"]
[PlyCount "81"]
[EventDate "2021.08.26"]
[EventType "swiss"]
[EventRounds "9"]
[EventCountry "ENG"]
[SourceTitle "The Week in Chess 1399"]
[Source "Mark Crowther"]
[SourceDate "2021.08.30"]
[SourceVersion "1"]
[SourceVersionDate "2021.08.30"]
[SourceQuality "2"]

1. e4 c5 2. Nf3 d6 3. Bb5+ Nd7 4. c3 Ngf6 5. Qe2 a6 6. Ba4 b5 7. Bc2 e5 8. d4
Be7 9. O-O O-O 10. Rd1 Qc7 11. a4 b4 12. a5 bxc3 13. bxc3 cxd4 14. cxd4 Bb7 15.
d5 Rfc8 16. Ra2 Nc5 17. Bg5 Rab8 18. Nbd2 h6 19. Be3 Ng4 20. Bxc5 Qxc5 21. h3
Nf6 22. Bd3 Ra8 23. Nc4 Bd8 24. Rb1 Bxd5 25. exd5 e4 26. Nb6 exd3 27. Qxd3 Bxb6
28. axb6 Rab8 29. b7 Rc7 30. Rxa6 g6 31. Ra8 Nd7 32. Rxb8+ Nxb8 33. Qe4 Kh7 34.
g3 Qa7 35. Qb4 Qa6 36. Kg2 Qd3 37. Qb5 Qa3 38. Nd4 Rc5 39. Qe8 Qd3 40. Qxf7+
Kh8 41. Re1 1-0

[Event "Northumbria Masters Open"]
[Site "Newcastle"]
[Date "2021.08.28"]
[Round "5.22"]
[White "Kan, Toby"]
[Black "Thomson, Neil"]
[Result "1/2-1/2"]
[WhiteElo "1696"]
[BlackElo "1960"]
[PlyCount "45"]
[EventDate "2021.08.26"]
[EventType "swiss"]
[EventRounds "9"]
[EventCountry "ENG"]
[SourceTitle "The Week in Chess 1399"]
[Source "Mark Crowther"]
[SourceDate "2021.08.30"]
[SourceVersion "1"]
[SourceVersionDate "2021.08.30"]
[SourceQuality "2"]

1. e4 g6 2. d4 Bg7 3. Nf3 d6 4. Be2 Nf6 5. Nc3 O-O 6. O-O Nc6 7. h3 e5 8. dxe5
dxe5 9. Be3 h6 10. Qxd8 Rxd8 11. Rfd1 Be6 12. Bb5 Nb4 13. Rxd8+ Rxd8 14. Rc1 a6
15. a3 Na2 16. Nxa2 Bxa2 17. Bd3 Nh5 18. g3 Be6 19. Kh2 f5 20. Nh4 f4 21. Bc5
Kf7 22. Bb4 Re8 23. Bc3 1/2-1/2

[Event "Northumbria Masters Open"]
[Site "Newcastle"]
[Date "2021.08.29"]
[Round "6.1"]
[White "Wells, Peter K"]
[Black "Clarke, Brandon G I"]
[Result "0-1"]
[WhiteElo "2381"]
[BlackElo "2429"]
[PlyCount "112"]
[EventDate "2021.08.26"]
[EventType "swiss"]
[EventRounds "9"]
[EventCountry "ENG"]
[SourceTitle "The Week in Chess 1399"]
[Source "Mark Crowther"]
[SourceDate "2021.08.30"]
[SourceVersion "1"]
[SourceVersionDate "2021.08.30"]
[SourceQuality "2"]

1. d4 Nf6 2. c4 g6 3. Nc3 d5 4. cxd5 Nxd5 5. e4 Nxc3 6. bxc3 Bg7 7. Nf3 c5 8.
Rb1 O-O 9. Be2 Nc6 10. d5 Ne5 11. Nxe5 Bxe5 12. Qd2 e6 13. f4 Bc7 14. Bc4 b5
15. Rxb5 Ba6 16. a4 Bxb5 17. axb5 exd5 18. Bxd5 Rb8 19. O-O Rxb5 20. f5 Rb6 21.
Ba3 Ra6 22. Bxc5 Bb6 23. Bxb6 Qxb6+ 24. Kh1 gxf5 25. exf5 Qf6 26. g4 Rd6 27. g5
Qe5 28. c4 Qe4+ 29. Kg1 Qg4+ 30. Qg2 Qxg2+ 31. Kxg2 a5 32. Ra1 Ra6 33. c5 a4
34. Ra3 Ra5 35. g6 Kg7 36. gxf7 Rxc5 37. Be6 Ra5 38. Kf2 Rxf7 39. Bxf7 Kxf7 40.
Ke3 Kf6 41. Ke4 h6 42. h3 h5 43. h4 Ra8 44. Kf4 Ra7 45. Ke4 Ra5 46. Kd4 Kxf5
47. Kc4 Kg4 48. Kc3 Kxh4 49. Kb2 Kg4 50. Rc3 h4 51. Rc4+ Kh5 52. Rc8 h3 53. Ka3
Rg5 54. Kxa4 Kh4 55. Rc2 Rg2 56. Rc8 h2 0-1

[Event "Northumbria Masters Open"]
[Site "Newcastle"]
[Date "2021.08.29"]
[Round "6.2"]
[White "Gormally, Daniel W"]
[Black "Dong Bao Nghia"]
[Result "1-0"]
[WhiteElo "2479"]
[BlackElo "2227"]
[PlyCount "75"]
[EventDate "2021.08.26"]
[EventType "swiss"]
[EventRounds "9"]
[EventCountry "ENG"]
[SourceTitle "The Week in Chess 1399"]
[Source "Mark Crowther"]
[SourceDate "2021.08.30"]
[SourceVersion "1"]
[SourceVersionDate "2021.08.30"]
[SourceQuality "2"]

1. d4 e6 2. Nf3 d5 3. c4 Nf6 4. Nc3 c6 5. Bg5 Be7 6. e3 Nbd7 7. Bd3 h6 8. Bh4
O-O 9. cxd5 Nxd5 10. Bg3 Nb4 11. Be2 c5 12. a3 Nc6 13. d5 exd5 14. Nxd5 Nf6 15.
Nxe7+ Nxe7 16. Qxd8 Rxd8 17. O-O Ne4 18. Rfd1 Bg4 19. Bc7 Rxd1+ 20. Rxd1 Rc8
21. Ba5 Nc6 22. Be1 Kf8 23. h3 Be6 24. Bb5 Ke7 25. Nd2 Nd6 26. Be2 b5 27. f3 c4
28. Bf2 a6 29. e4 Na5 30. Bd4 f6 31. e5 Nf5 32. Bc3 Nc6 33. exf6+ gxf6 34. Ne4
Rf8 35. g4 Ne3 36. Rd6 Nb8 37. Bb4 Kf7 38. Rxe6 1-0

[Event "Northumbria Masters Open"]
[Site "Newcastle"]
[Date "2021.08.29"]
[Round "6.3"]
[White "Petrov, Marian"]
[Black "Bezuidenhout, Roland"]
[Result "1/2-1/2"]
[WhiteElo "2457"]
[BlackElo "2196"]
[PlyCount "75"]
[EventDate "2021.08.26"]
[EventType "swiss"]
[EventRounds "9"]
[EventCountry "ENG"]
[SourceTitle "The Week in Chess 1399"]
[Source "Mark Crowther"]
[SourceDate "2021.08.30"]
[SourceVersion "1"]
[SourceVersionDate "2021.08.30"]
[SourceQuality "2"]

1. e4 e5 2. Nc3 Nf6 3. g3 d5 4. exd5 Nxd5 5. Bg2 Nxc3 6. bxc3 Bc5 7. Nf3 Nc6 8.
O-O O-O 9. d3 Re8 10. Ng5 h6 11. Ne4 Bf8 12. f4 f5 13. Nf2 Bd6 14. fxe5 Nxe5
15. d4 Nd7 16. Rb1 c6 17. Qh5 Nf8 18. Bh3 f4 19. Bxc8 Qxc8 20. Bxf4 Bxf4 21.
gxf4 b6 22. Ng4 Qe6 23. f5 Qd5 24. Ne5 Nd7 25. Nxd7 Qxd7 26. f6 Qf7 27. Qxf7+
Kxf7 28. fxg7+ Kxg7 29. Rf3 Re2 30. Rg3+ Kh8 31. Rg2 Rg8 32. Rxg8+ Kxg8 33. Rb4
Rxc2 34. Rc4 c5 35. dxc5 bxc5 36. a3 Ra2 37. Ra4 Rc2 38. Rc4 1/2-1/2

[Event "Northumbria Masters Open"]
[Site "Newcastle"]
[Date "2021.08.29"]
[Round "6.4"]
[White "Merriman, John"]
[Black "Olson, Hamish"]
[Result "1/2-1/2"]
[WhiteElo "2245"]
[BlackElo "2246"]
[PlyCount "98"]
[EventDate "2021.08.26"]
[EventType "swiss"]
[EventRounds "9"]
[EventCountry "ENG"]
[SourceTitle "The Week in Chess 1399"]
[Source "Mark Crowther"]
[SourceDate "2021.08.30"]
[SourceVersion "1"]
[SourceVersionDate "2021.08.30"]
[SourceQuality "2"]

1. d4 d5 2. c4 e6 3. Nc3 Nf6 4. Bg5 Nbd7 5. e3 h6 6. Bh4 Be7 7. Qc2 c5 8. Nf3
O-O 9. Rd1 Qa5 10. cxd5 Nxd5 11. Bxe7 Nxe7 12. Be2 Nf6 13. O-O cxd4 14. Nxd4
Bd7 15. e4 Rfd8 16. Qb3 a6 17. Rfe1 Qe5 18. Qa3 Ng6 19. Bf1 Be8 20. Nf3 Qc7 21.
Qb4 Ng4 22. h3 N4e5 23. Nxe5 Nxe5 24. Be2 Rac8 25. Qb3 Bc6 26. Rxd8+ Qxd8 27.
Rd1 Qa5 28. Rd4 Nd7 29. Qd1 Nf6 30. Qd2 Qc7 31. Bf3 g5 32. g3 Qe5 33. Bg2 Kh8
34. Kh2 Rg8 35. b4 Nh7 36. a4 h5 37. f4 gxf4 38. gxf4 Qg7 39. b5 axb5 40. axb5
Be8 41. Rc4 Qg3+ 42. Kh1 e5 43. f5 h4 44. Rc5 f6 45. Rd5 Bh5 46. Rd3 Qg7 47.
Rd7 Qg3 48. Rd3 Qg7 49. Rd7 Qg3 1/2-1/2

[Event "Northumbria Masters Open"]
[Site "Newcastle"]
[Date "2021.08.29"]
[Round "6.5"]
[White "Turner, Max N"]
[Black "Basman, Michael J"]
[Result "1-0"]
[WhiteElo "2182"]
[BlackElo "2289"]
[PlyCount "83"]
[EventDate "2021.08.26"]
[EventType "swiss"]
[EventRounds "9"]
[EventCountry "ENG"]
[SourceTitle "The Week in Chess 1399"]
[Source "Mark Crowther"]
[SourceDate "2021.08.30"]
[SourceVersion "1"]
[SourceVersionDate "2021.08.30"]
[SourceQuality "2"]

1. d4 h6 2. e4 g5 3. Nc3 Bg7 4. Be3 d6 5. Qd2 a6 6. O-O-O b5 7. g3 Bb7 8. Bg2
Nf6 9. d5 c5 10. h3 Nbd7 11. f4 Qa5 12. e5 dxe5 13. d6 Bxg2 14. Qxg2 O-O 15.
dxe7 Rfe8 16. fxg5 hxg5 17. Kb1 Rac8 18. Bxg5 Rxe7 19. Ne4 c4 20. Ne2 Nxe4 21.
Qxe4 Nc5 22. Qg4 Rec7 23. Rd8+ Rxd8 24. Bxd8 Ne6 25. Bxc7 Qxc7 26. Rf1 b4 27.
h4 b3 28. h5 bxc2+ 29. Kxc2 Qc6 30. Kb1 Qg2 31. Qf3 Qxf3 32. Rxf3 e4 33. Rf5
Bf8 34. g4 Nc5 35. Nc3 Kg7 36. Kc2 f6 37. Rxc5 Bxc5 38. Nxe4 Bb4 39. Nd2 Kh6
40. Nxc4 Kg5 41. Ne3 Bc5 42. Kd3 1-0

[Event "Northumbria Masters Open"]
[Site "Newcastle"]
[Date "2021.08.29"]
[Round "6.6"]
[White "Gayson, Peter M"]
[Black "Mosnegutu, Klauss"]
[Result "0-1"]
[WhiteElo "2150"]
[BlackElo "2235"]
[PlyCount "104"]
[EventDate "2021.08.26"]
[EventType "swiss"]
[EventRounds "9"]
[EventCountry "ENG"]
[SourceTitle "The Week in Chess 1399"]
[Source "Mark Crowther"]
[SourceDate "2021.08.30"]
[SourceVersion "1"]
[SourceVersionDate "2021.08.30"]
[SourceQuality "2"]

1. e4 c5 2. Nf3 d6 3. d4 cxd4 4. Nxd4 a6 5. Nc3 e5 6. Nf5 Bxf5 7. exf5 Nf6 8.
Bg5 Nbd7 9. Bc4 Be7 10. O-O O-O 11. Bxf6 Nxf6 12. Nd5 b5 13. Nxf6+ Bxf6 14. Bd5
Rc8 15. c3 Rc5 16. Qb3 Qd7 17. a4 Qxf5 18. Bb7 bxa4 19. Rxa4 a5 20. Rd1 Rb8 21.
c4 Qd7 22. Bc6 Rxb3 23. Bxd7 Rxb2 24. g3 Bd8 25. Rxd6 Bc7 26. Ra6 g6 27. Bb5
Kg7 28. Ra1 Rd2 29. Kf1 e4 30. Re1 f5 31. Re2 Rd6 32. Rxd6 Bxd6 33. Rd2 Be5 34.
Rd7+ Kh6 35. Ra7 Bc3 36. Ke2 Rc8 37. Rd7 Bb4 38. h4 Ra8 39. Bc6 Rg8 40. g4 fxg4
41. Bxe4 Rg7 42. Bc6 Rxd7 43. Bxd7 Kh5 44. f4 Kxh4 45. f5 gxf5 46. Bxf5 h5 47.
Bd7 Bc5 48. Be8 Kg5 49. Kf1 h4 50. Kg2 h3+ 51. Kh1 g3 52. Bd7 g2+ 0-1

[Event "Northumbria Masters Open"]
[Site "Newcastle"]
[Date "2021.08.29"]
[Round "6.7"]
[White "Modi, Shyam Jagdish"]
[Black "Sowray, Peter John"]
[Result "0-1"]
[WhiteElo "2118"]
[BlackElo "2196"]
[PlyCount "84"]
[EventDate "2021.08.26"]
[EventType "swiss"]
[EventRounds "9"]
[EventCountry "ENG"]
[SourceTitle "The Week in Chess 1399"]
[Source "Mark Crowther"]
[SourceDate "2021.08.30"]
[SourceVersion "1"]
[SourceVersionDate "2021.08.30"]
[SourceQuality "2"]

1. e4 e5 2. Nf3 Nc6 3. Bb5 a6 4. Ba4 Nf6 5. d4 exd4 6. O-O Be7 7. e5 Ne4 8.
Nxd4 O-O 9. Nf5 Nc5 10. Qg4 g6 11. Bxc6 dxc6 12. Nxe7+ Qxe7 13. Qg3 Re8 14. Re1
Bf5 15. Nc3 Bxc2 16. Bg5 Qe6 17. Re3 Qc4 18. Rc1 Bf5 19. Ne2 Qd5 20. Nf4 Qxa2
21. Qh4 Qxb2 22. Rce1 Nd7 23. g4 Rxe5 24. gxf5 Rxe3 25. Rxe3 Qb1+ 26. Kg2 Qxf5
27. Rh3 Nf8 28. Qh6 f6 29. Bh4 Rd8 30. Re3 Kf7 31. h3 a5 32. Ne2 Rd3 33. Ng3
Qd5+ 34. Kh2 Rxe3 35. Qxe3 g5 36. Bxg5 fxg5 37. Qc3 Ng6 38. Qe3 Nf4 39. Ne4 h6
40. h4 Kg6 41. hxg5 hxg5 42. Kg3 Qd3 0-1

[Event "Northumbria Masters Open"]
[Site "Newcastle"]
[Date "2021.08.29"]
[Round "6.8"]
[White "Boswell, Jacob Connor"]
[Black "Villiers, Thomas"]
[Result "1-0"]
[WhiteElo "2012"]
[BlackElo "2165"]
[PlyCount "83"]
[EventDate "2021.08.26"]
[EventType "swiss"]
[EventRounds "9"]
[EventCountry "ENG"]
[SourceTitle "The Week in Chess 1399"]
[Source "Mark Crowther"]
[SourceDate "2021.08.30"]
[SourceVersion "1"]
[SourceVersionDate "2021.08.30"]
[SourceQuality "2"]

1. d4 Nf6 2. c4 e6 3. g3 c5 4. Bg2 cxd4 5. Nf3 Qc7 6. Qxd4 Bc5 7. Qh4 d5 8. O-O
dxc4 9. Bf4 Qe7 10. Nc3 Nbd7 11. e4 O-O 12. e5 Nd5 13. Bg5 Qe8 14. Qxc4 h6 15.
Bd2 Qe7 16. Nxd5 exd5 17. Qxd5 Rd8 18. e6 fxe6 19. Qb3 Nb6 20. Be3 Bxe3 21.
Qxe3 Nd5 22. Qe5 Qf6 23. Rad1 Bd7 24. Rfe1 Rf8 25. Qxf6 gxf6 26. Nd4 Nc7 27.
Nf5 Ba4 28. Rc1 Bc6 29. Ne7+ Kf7 30. Nxc6 bxc6 31. Rxc6 Nd5 32. Rexe6 Rad8 33.
Bxd5 Rxd5 34. Rxf6+ Ke7 35. Rxf8 Kxf8 36. Rxh6 Rd2 37. Ra6 Rxb2 38. Rxa7 Ke8
39. h4 Rb6 40. Kg2 Rh6 41. Kh3 Rh8 42. Ra8+ 1-0

[Event "Northumbria Masters Open"]
[Site "Newcastle"]
[Date "2021.08.29"]
[Round "6.9"]
[White "Arkell, Keith C"]
[Black "Fegan, Chris"]
[Result "1-0"]
[WhiteElo "2382"]
[BlackElo "2034"]
[PlyCount "43"]
[EventDate "2021.08.26"]
[EventType "swiss"]
[EventRounds "9"]
[EventCountry "ENG"]
[SourceTitle "The Week in Chess 1399"]
[Source "Mark Crowther"]
[SourceDate "2021.08.30"]
[SourceVersion "1"]
[SourceVersionDate "2021.08.30"]
[SourceQuality "2"]

1. d4 Nf6 2. Nf3 g6 3. b4 Bg7 4. Bb2 O-O 5. e3 d6 6. Nbd2 Bg4 7. h3 Bxf3 8.
Nxf3 Nbd7 9. Be2 a5 10. b5 c5 11. bxc6 bxc6 12. O-O Rb8 13. Rb1 c5 14. c3 Ne4
15. Qd3 d5 16. c4 cxd4 17. Bxd4 Ndc5 18. Bxc5 Nxc5 19. Qxd5 Rxb1 20. Rxb1 Qxd5
21. cxd5 Rd8 22. Bc4 1-0

[Event "Northumbria Masters Open"]
[Site "Newcastle"]
[Date "2021.08.29"]
[Round "6.10"]
[White "Sheikh, Anum"]
[Black "Bradbury, Neil H"]
[Result "0-1"]
[WhiteElo "1837"]
[BlackElo "2297"]
[PlyCount "68"]
[EventDate "2021.08.26"]
[EventType "swiss"]
[EventRounds "9"]
[EventCountry "ENG"]
[SourceTitle "The Week in Chess 1399"]
[Source "Mark Crowther"]
[SourceDate "2021.08.30"]
[SourceVersion "1"]
[SourceVersionDate "2021.08.30"]
[SourceQuality "2"]

1. e4 c5 2. Nf3 e6 3. d4 cxd4 4. Nxd4 Nc6 5. Nc3 Qc7 6. Be3 a6 7. Be2 Nf6 8. a3
Be7 9. O-O d6 10. Kh1 Bd7 11. f4 O-O 12. Bf3 Rac8 13. g4 Nxd4 14. Bxd4 Bc6 15.
g5 Nd7 16. f5 Bxg5 17. Bxg7 Kxg7 18. Rg1 h6 19. h4 Rh8 20. hxg5 hxg5+ 21. Kg2
Rh4 22. Qd2 Rg8 23. Kf1 Kf6 24. fxe6 fxe6 25. Rd1 Ne5 26. Ke2 Bb5+ 27. Nxb5
Qc4+ 28. Kf2 axb5 29. Qe2 Rf4 30. Rg3 g4 31. Ke3 Rxf3+ 32. Rxf3+ gxf3 33. Qxc4
bxc4 34. Rxd6 Rg2 0-1